000
00236nam a22000857a 4500
008
161201b xxu||||| |||| 00| 0 eng d
100
_9
1706
_a
Gupta. B. R
245
_a
Poineer english grammer & Composition
260
_a
New delhi
_b
Navdeep
_c
2006
999
_c
4419
_d
4419